Normal view
MARC view
Entry Nombre corporativo
001 - NÚMERO DE CONTROL
- campo de control: 8881
003 - IDENTIFICADOR DE NÚMERO DE CONTROL
- campo de control: OSt
005 - FECHA Y HORA DE LA ÚLTIMA TRANSACCIÓN
- campo de control: 20221005155325.0
008 - ELEMENTOS DE DATO DE LONGITUD-FIJA
- campo de control de longitud fija: 221005|| aca||aabn | a|a d
040 ## - FUENTE DE CATALOGACIÓN
- Centro catalogador/agencia de origen: OSt
- Centro/agencia transcriptor: OSt
110 ## - ENCABEZAMIENTO-NOMBRE DE ENTIDAD CORPORATIVA
- Nombre de entidad corporativa o nombre de jurisdicción como elemento de entrada: UGT
- Unidad subordinada: Departamento de Servicios Postales
670 ## - FUENTE DE DATOS ENCONTRADOS
- Cita de la fuente: Work cat.: (OSt)8709: SEMINARIO SOBRE PROSTITUCION FEMENINA Madrid 1985 8880, Seminario sobre prostitución femenina, 1985]